000 00684nam a2200217Ii 4500
003 JO-AjNU
008 230605s9999||||xx |||||||||||||| ||und||
017 _a827
040 _aJO-AjNU
_bara
_erda
_cJO-AjNU
041 _aara
050 1 4 _aTK7871.3 1985
100 3 _aاعداد علي، طلعت نوري ,
_eauthor
_915526
245 0 0 _aالليزر في الاغراض العسكرية
264 3 1 _aبغداد: دار الحرية ، 1985
300 _a116ص
336 _atext
_btxt
_2rdacontent
337 _aunmediated
_bn
_2rdamedia
338 _avolume
_bnc
_2rdacarrier
490 0 _aسلسلة الكتاب العلمي العسكري
650 4 _aالليزر
_915527
999 _aA4406
_c7974
_d7974